Départements français - SPRINT 180 sec. (AVEC CARTE) - Statistiques

Statistiques générales
  • Ce quiz a été pris 1 676 fois
  • Le résultat moyen est 72 sur 101
Réponses sur la Carte
Les réponses sont colorées sur une échelle allant du rouge au vert en fonction du pourcentage des utilisateurs qui les ont devinées à leur premier essai. Vous pouvez retrouver ces pourcentages ci-dessous.
 
Statistiques - réponses
Départements % Correct
42 Loire
95%
29 Finistère
93%
59 Nord
91%
01 Ain
88%
02 Aisne
88%
33 Gironde
86%
27 Eure
85%
40 Landes
85%
50 Manche
85%
75 Paris
84%
45 Loiret
83%
56 Morbihan
83%
60 Oise
83%
62 Pas-de-Calais
83%
67 Bas-Rhin
81%
14 Calvados
81%
16 Charente
81%
68 Haut-Rhin
81%
03 Allier
80%
57 Moselle
80%
73 Savoie
80%
22 Côtes-d'Armor
79%
30 Gard
79%
46 Lot
79%
80 Somme
79%
11 Aude
78%
36 Indre
78%
83 Var
78%
10 Aube
77%
21 Côte-d'Or
77%
61 Orne
77%
08 Ardennes
76%
18 Cher
76%
32 Gers
76%
35 Ille-et-Vilaine
76%
51 Marne
76%
55 Meuse
76%
69 Rhône (et métropole de Lyon)
76%
85 Vendée
76%
15 Cantal
75%
07 Ardèche
74%
26 Drôme
74%
28 Eure-et-Loir
74%
38 Isère
74%
39 Jura
74%
81 Tarn
74%
23 Creuse
73%
25 Doubs
72%
74 Haute-Savoie
72%
86 Vienne
72%
76 Seine-Maritime
71%
37 Indre-et-Loire
70%
53 Mayenne
70%
91 Essonne
69%
973 Guyane
69%
2B Haute-Corse
69%
34 Hérault
69%
54 Meurthe-et-Moselle
69%
77 Seine-et-Marne
69%
84 Vaucluse
69%
78 Yvelines
69%
24 Dordogne
68%
12 Aveyron
67%
13 Bouches-du-Rhône
67%
17 Charente-Maritime
67%
19 Corrèze
67%
2A Corse-du-Sud
67%
43 Haute-Loire
67%
52 Haute-Marne
67%
44 Loire-Atlantique
67%
58 Nièvre
67%
63 Puy-de-Dôme
67%
72 Sarthe
67%
87 Haute-Vienne
66%
31 Haute-Garonne
65%
41 Loir-et-Cher
65%
47 Lot-et-Garonne
65%
09 Ariège
64%
974 La Réunion
64%
972 Martinique
64%
95 Val-d'Oise
64%
88 Vosges
64%
89 Yonne
64%
05 Hautes-Alpes
62%
48 Lozère
62%
976 Mayotte
62%
06 Alpes-Maritimes
60%
79 Deux-Sèvres
60%
971 Guadeloupe
60%
82 Tarn-et-Garonne
60%
94 Val-de-Marne
60%
49 Maine-et-Loire
59%
70 Haute-Saône
57%
71 Saône-et-Loire
57%
93 Seine-Saint-Denis
56%
04 Alpes-de-Haute- Provence
54%
64 Pyrénées-Atlantiques
54%
92 Hauts-de-Seine
53%
90 Territoire de Belfort
53%
66 Pyrénées-Orientales
51%
65 Hautes-Pyrénées
50%
Aucun quiz correspondant
Distribution des résultats
% des personnes avec chaque résultat
Percentile par nombre de réponses
Votre historique - résultats
Vous n’avez pas pris ce quiz